MARC

LEADER 00000nam1a2200000 4500
001 274702
005 20231031230410.0
020 |a RU  |b 85-86356 
035 |a (RuTPU)RU\TPU\book\297912 
090 |a 274702 
100 |a 20141107d1960 k y0rusy5003 ca 
101 0 |a rus 
102 |a RU 
200 1 |a Опорные скважины СССР  |f Всесоюзный научно-исследовательский геологоразведочный нефтяной институт (ВНИГНИ) 
210 |a Ленинград  |c Гостоптехиздат  |d 1960-1968 
712 0 2 |a Всесоюзный научно-исследовательский геологоразведочный нефтяной институт (ВНИГНИ)  |2 stltpush  |3 (RuTPU)RU\TPU\col\18350 
801 0 |a RU  |b RuMRKP  |c 19950704  |g psbo 
801 1 |a RU  |b 63413507  |c 20141107 
801 2 |a RU  |b 63413507  |c 20180727  |g RCR 
942 |c BK